• 首页
  • 本馆介绍
  • 公告通知
  • 最新文献
  • 馆藏检索
  • 电子资源
  • 读者导购
  • 参考咨询
  • 我的图书馆
  • 登录
  • 详细信息显示
  • 放入我的书架
  • 预约/预借图书
  • 作者相关作品
  • 分类相关作品
  • 丛书相关作品
  • 出版社相关作品

书目信息

  • 表格格式
  • 工作单格式
  • 卡片格式
题名:
儿童青少年心理咨询与治疗
    
 
作者: 普劳特 , 布朗 主编 ;林丹华 译
分册:  
出版信息: 北京   中国轻工业出版社  2002
页数: 540页
开本: 21cm
丛书名: 心理学丛书
单 册:
中图分类: B844.1 , R749.940.5
科图分类:
主题词: 儿童心理学--咨询心理学 , 儿童--精神疗法 , 青少年心理学--咨询心理学 , 青少年心理学--精神疗法
电子资源:
ISBN: 7-5019-3386-3
000 01776oam2 2200361 450
001 1575104077
005 20150125205157.07
010    @a7-5019-3386-3@dCNY32.00
100    @a20021005d2002 em y0chiy0110 ea
101 1  @achi@ceng
102    @aCN@b110000
105    @ay z 000yy
200 1  @a儿童青少年心理咨询与治疗@9er tong qing shao nian xin li zi xun yu zhi liao@e针对学校、家庭和心理咨询机构的理论及应用指南@f(美)H.Thompson Prout,(美)Douglas T.Brown主编@g林丹华等译
210    @a北京@c中国轻工业出版社@d2002
215    @a540页@d21cm
225 2  @a心理学丛书@i心理咨询与治疗系列
314    @aH.Thompson Prout,博士,美国肯塔基大学教育学院教育心理学和咨询心理学教授,合主编有《儿童青少年心理咨询与治疗:针对学校、家庭和心理咨询机构的理论及应用指南》。
314    @aDouglas T.Brown,博士,美国James Madison大学心理学教授和该校学术委员会副主任,合主编有《儿童青少年心理咨询与治疗:针对学校、家庭和心理咨询机构的理论及应用指南》。
330    @a本书针对儿童青少年心理咨询与治疗,介绍了有关的伦理道德和法律问题、七种主要心理咨询与治疗流派在儿童青少年心理咨询和治疗中的应用,以及残障儿童青少年的心理咨询与治疗。
461  0 @12001 @a心理学丛书
462  0 @12001@a心理咨询与治疗系列
510 1  @aCounseling and Psychotherapy with Children and Adolescents@eTheory and Practice for School and Clinical Settings@zeng
606 0  @a儿童心理学@x咨询心理学
606 0  @a儿童@x精神疗法
606 0  @a青少年心理学@x咨询心理学
606 0  @a青少年心理学@x精神疗法
690    @aB844.1@v5
690    @aR749.940.5@v5
701  1 @c(美)@a普劳特@9pu lao te@c(Prout, H. Thompson)@4主编
701  1 @c(美)@a布朗@9bu lang@c(Brown, Douglas T.)@4主编
702  0 @a林丹华@9lin dan hua@c(女,@f1971~)@4译
801  0 @aCN@bTSSF@c20150125
905    @aZUCC@dB844.1@eJY21
    
    儿童青少年心理咨询与治疗:针对学校、家庭和心理咨询机构的理论及应用指南/(美)H.Thompson Prout,(美)Douglas T.Brown主编/林丹华等译.-北京:中国轻工业出版社,2002
    540页;21cm.-(心理学丛书.心理咨询与治疗系列)
    
    
    ISBN 7-5019-3386-3:CNY32.00
    本书针对儿童青少年心理咨询与治疗,介绍了有关的伦理道德和法律问题、七种主要心理咨询与治疗流派在儿童青少年心理咨询和治疗中的应用,以及残障儿童青少年的心理咨询与治疗。
●
相关链接 在E读中查询图书 在五车中查询图书 在当当中查询图书 在豆瓣中查询图书


正题名:儿童青少年心理咨询与治疗     索取号:B844.1/JY21         预约/预借

序号 登录号 条形码 馆藏地/架位号 状态 备注
1 7845021   278450212   学院路分馆/ [索取号:B844.1/JY21] 在馆    
唐山师范学院图书馆 欢迎您!
大连网信软件有限公司© 版权所有